书目信息 |
| 题名: |
固体废物处理与处置
|
|
| 作者: | 庄伟强 , 尤峥 主编 | |
| 分册: | ||
| 出版信息: | 北京 化学工业出版社 2004.03 |
|
| 页数: | 211页 | |
| 开本: | 26cm | |
| 丛书名: | ||
| 单 册: | ||
| 中图分类: | X705 | |
| 科图分类: | ||
| 主题词: | 固体废物--废物处理--高等学校: 技术学校--教材 , 固体废物 , 废物处理 | |
| 电子资源: | ||
| ISBN: | 7-5025-3071-1 | |
| 000 | 00790nam0 2200265 45 | |
| 001 | 012004000000 | |
| 005 | 20050111145349.80 | |
| 010 | @a7-5025-3071-1@dCNY 23.00 | |
| 100 | @a20041122d2004 em y0chiy0121 ea | |
| 101 | 0 | @achi |
| 102 | @aCN@b110000 | |
| 105 | @aak z 000yy | |
| 200 | 1 | @a固体废物处理与处置@Agu ti fei wu chu li yu chu zhi@f庄伟强, 尤峥主编 |
| 210 | @a北京@c化学工业出版社@d2004.03 | |
| 215 | @a211页@c图, 表格@d26cm | |
| 300 | @a教育部高职高专规划教材 | |
| 320 | @a本书含附录及参考文献 | |
| 606 | 0 | @a固体废物@x废物处理@x高等学校: 技术学校@j教材 |
| 606 | 0 | @a固体废物 |
| 606 | 0 | @a废物处理 |
| 690 | @aX705@v4 | |
| 701 | 0 | @a庄伟强@Azhuang wei qiang@4主编 |
| 701 | 0 | @a尤峥@Ayou zheng@4主编 |
| 801 | 0 | @aCN@bQSSKcyc@c20050111 |
| 905 | @a10447@dX705@eZ9301 | |
| 固体废物处理与处置/庄伟强, 尤峥主编.-北京:化学工业出版社,2004.03 |
| 211页:图, 表格;26cm |
| 教育部高职高专规划教材 |
| ISBN 7-5025-3071-1:CNY 23.00 |
| ● |
| 相关链接 |
|
|
|
正题名:固体废物处理与处置
索取号:X705/Z9301
 
预约/预借
| 序号 | 登录号 | 条形码 | 馆藏地/架位号 | 状态 | 备注 |
| 1 | 436237 | 204362377 | 自科库501/501自科库 108排1列3层/ [索取号:X705/Z9301] | 在馆 | |
| 2 | 436238 | 204362386 | 自科库501/501自科库 108排1列3层/ [索取号:X705/Z9301] | 在馆 |